Armament Calibers (in millimeters) - Statistics

General Stats
  • This quiz has been taken 20 times
    14 since last reset
  • The average score is 7 of 12
Answer Stats
Picture Answer % Correct
{7.62} mm
100%
{12.7} mm
78%
{122} mm (main armament caliber)
56%
{125} mm
56%
{155} mm
56%
{7.92} mm
56%
{120} mm
44%
{14.5} mm
44%
{25} mm
44%
{40} mm
44%
{57} mm
44%
{88} mm
44%
No matching quizzes found
Score Distribution
Percent of People with Each Score
Percentile by Number Answered
Your Score History
You have not taken this quiz since the last reset